000 00450nam a22001817a 4500
003 MPLRDC
005 20220104152652.0
008 210129b ||||| |||| 00| 0 eng d
082 _a880.5 GCLF
100 _a冈察洛夫
245 _a奥勃洛摩夫
_c齐楚夫译
250 _a初版
260 _a
_b上海译文出版社
_c1979
300 _b
490 _a外国文学名著丛书
650 _a俄国文学
942 _cBK
_o880.5 GCLF
999 _c53022
_d53012